000 00267nam a2200109Ia 4500
008 200302s9999 xx 000 0 und d
100 _aMorgan J. Roberts
245 _aNorse and Viking Myths and Legends
260 _bFriedman Group
260 _c1994
300 _a112 P.,
999 _c1455
_d1455